000 01379nam a2200313 a 4500
003 DO-SdBNP
005 20221114084425.0
007 ta
008 221111e2021 dr aodcgre||| 001 0 spa d
020 _a9789945098594 digital
020 _a9789945098617 impreso
040 _aDO-SdBNP
_bspa
_cBNPHU
082 4 _222
_bI59a
110 2 _963429
_aInstituto Panamericano de Geografía e Historia (República Dominicana)
245 1 0 _aAtlas histórico de America:
_hnuevas miradas en la huella del americano. /
_cPresentación, Fifliberto Cruz Sánchez.
260 _a[Santo Domingo] :
_bVicerectoría de Extensión de la Universidad Autónoma de Santo Domingo,
_c2021
300 _a130 p. :
_bil,. mapas,
_c43 cm.
500 _aLa Biblioteca posee el volumen 2.
500 _aIncluye bibliografía y referencias.
504 _aBibliografía: p. 28, 37, 56, 68, 89
505 _av. 2
_gÉpoca Colonial:
_tPresentación.
_t1. Dinámica Poblacional.--
_t2. Procesos Culturales.--
_t3. El Espacio Americano.--
_tDinámicas Económicas.--
_tSalvación de las Almas.
590 _aInventariado 2022 / MF
650 4 _943593
_aAmérica
_vHistoria
650 4 _941261
_aColonización
_xHistoria
700 2 _aCruz Sánchez., Fifliberto
_epresent.
_982805
710 2 _955588
_aUniversidad Autónoma de Santo Domingo,
_bVicerectoría de Extensión
910 _aMFeliz
942 _2ddc
_cLBS1
999 _c52897
_d52897